000 00887nam a2200277 a 4500
001 2537649
005 20140211084756.0
008 940526s1989 rw bs 000 0 fre
010 _a 93850191
040 _aDLC
_cDLC
042 _alcode
043 _af-rw---
050 0 0 _aLA2090.R95
_bE38 1989
082 0 0 _a370/.967571
_220
245 0 0 _aEPTINFO/Education pour tous :
_bEFANEWS/Education for All.
260 _a[Kigali? :
_bs.n.,
300 _a1 v. (various pagings) ;
_c30 cm.
504 _aIncludes bibliographical references.
650 0 _aEducation
_zRwanda.
_924660
650 0 _aAdult education
_zRwanda.
_924661
650 0 _aLiteracy
_zRwanda.
_924662
650 0 _aFundamental education
_zRwanda.
_924663
906 _a7
_bcbc
_corigode
_d2
_encip
_f19
_gy-gencatlg
942 _2lcc
_cPER
_s1
999 _c58518
_d58492